Economic handbook of the world 1982
Gespeichert in:
| Format: | Buch |
|---|---|
| Sprache: | Englisch |
| Veröffentlicht: |
New York
McGraw-Hill Book Co.
1982
|
| Tags: |
Keine Tags, Fügen Sie das erste Tag hinzu!
|
MARC
| LEADER | 00000nam a2200000 4500 | ||
|---|---|---|---|
| 001 | c113378 | ||
| 005 | 20230314090537.0 | ||
| 041 | 0 | |a eng | |
| 044 | |a US | ||
| 245 | 1 | 0 | |a Economic handbook of the world 1982 |
| 264 | 1 | |a New York |b McGraw-Hill Book Co. |c 1982 | |
| 300 | |a 696 s. | ||